000 00972nam a2200241 i 4500
003 CO-ViMGA
005 20230915224423.0
008 201127m2020000 ck jr 000 0 spa d
020 _a9789584292148
040 _aCO-ViMGA
_bspa
_cCO-ViMGA
082 0 4 _a331.1172
_bP14s
_222
100 1 _aPalacio Barrientos, Miguel
_eautor
_9168073
245 1 0 _aSer freelance sin morir en el intento /
_bconsejos que me hubiera gustado recibir antes de ser trabajador independiente
_cMiguel Palacio Barrientos
250 _aEdicion especial
260 _aBogota :
_bEditorial Planeta Colombia,
_c2020
300 _a165 paginas
_c23 cm
490 0 _aPaidos Empresa
490 0 _aPlan Nacional de Lectura y Escritura Leer es mi Cuento / Ministerio de Cultura
650 1 7 _2LEMB
_aEconomiĀ­a del trabajo
_vManuales
_9167958
650 1 7 _2LEMB
_aTrabajadores independientes
_xAspectos economicos
_vManuales
_9167957
650 1 7 _2LEMB
_aTrabajo a destajo
_vManuales
_9167959
942 _2ddc
_cBK
999 _c9148
_d9148